El Nuevo orden económico internacional: una necesidad objetiva /
Gorde:
| Egile nagusia: | |
|---|---|
| Beste egile batzuk: | |
| Formatua: | Texto |
| Argitaratua: |
La Habana:
Paz y Soberanía
|
| Etiketak: |
Etiketa erantsi
Etiketarik gabe, Izan zaitez lehena erregistro honi etiketa jartzen!
|
MARC
| LEADER | 00000 a a2200000 04500 | ||
|---|---|---|---|
| 001 | 25128 | ||
| 003 | |||
| 040 | |||
| 090 | |a 179400 | ||
| 100 | |a Valdés, María Teresa | ||
| 245 | |a El Nuevo orden económico internacional: una necesidad objetiva / |c María Teresa Valdés | ||
| 260 | |a La Habana: |b Paz y Soberanía | ||
| 300 | |a 30 p. | ||
| 700 | |a Riestra, Osvaldo |a Baro Herrera, Silvio | ||
| 999 | |c 10730 |d 10730 | ||
